000
00216nam a2200097Ia 4500
005
20251222114351.0
008
251222s1900||||xx |||||||||||||| ||spa||
082
_a
DVD0092/E56/2003
245
0
_a
Encrucijada
942
_c
DVD
999
_c
1260
_d
1260